000 01037nam a2200181Ia 4500
005 20240405052017.0
008 240331s9999 xx 000 0 und d
020 _a0799220191
082 _bTAY
_a330
100 _aTaylor, Viviene
245 0 _aMarketisation of governance :
_bcritical feminist perspectives from the South
250 _a1 St
260 _aSouth Africa :
_bSADEP university of Cape /
_c2000.
300 _a xv, 171 p.,
500 _aWoman all over the world produce exquisite textiles, skillfully woven or elaborately embellished with beadwork and intricate embroidery. The meagre financial benefits they derive from this work bear little relation to the long hours of labor and high levels of skill, creativity and dedication required. This largely unrecognized art form is also an important repository of cultural, social and religious traditions. The cover of this books shows some examples of weaving, beadwork and embroidery created by unknown, unnamed women in the south.
650 _aFeminisum
942 _cL
999 _c2580
_d2580